Top Ten Most Played Roblox Games - Statistics

General Stats
  • This quiz has been taken 25 times
  • The average score is 6 of 10
Answer Stats
Hint Answer % Correct
32.67b Adopt Me
91%
29.22b Brookhaven
87%
15.18b MeepCity
70%
15.43b Blox Fruits
65%
10.37b Murder Mystery 2
61%
20.40b Tower of Hell
57%
11.54b Piggy
48%
7.08b Pet Simulator X
35%
8.73b Royale High
35%
7.31b Welcome to Bloxburg
22%
No matching quizzes found
Score Distribution
Percent of People with Each Score
Percentile by Number Answered
Your Score History
You have not taken this quiz